[Event "SC Rochade Emsdetten 1 - SV Bergneustad"]
[Site "NRW-Liga - Gruppe 1 2019/2020"]
[Date "2020.02.16"]
[Round "6.8"]
[White "Bielderman, Guy"]
[Black "Lemmer, Klaus"]
[Result "1-0"]
[WhiteElo "2158"]
[BlackElo "1753"]
[PlyCount "61"]
[EventDate "2020.??.??"]
[SourceVersionDate "2020.03.16"]
[WhiteTeam "SC Rochade Emsdetten 1"]
[BlackTeam "SV Bergneustadt/Derschlag 1"]

1. c4 e5 2. g3 Nf6 3. Bg2 Nc6 4. Nc3 Bc5 5. e3 O-O 6. Nge2 Ne7 7. a3 c6 8. d4
exd4 9. exd4 Bb6 10. Bg5 Ne8 11. c5 Bc7 12. d5 f6 13. Be3 d6 14. dxc6 bxc6 15.
cxd6 Qxd6 16. Nd4 Qd7 17. Nxc6 Nxc6 18. Qd5+ Kh8 19. Qxc6 Qxc6 20. Bxc6 Rb8 21.
Bxa7 Rxb2 22. O-O-O Rb3 23. Kc2 Be6 24. Rhe1 Rxc3+ 25. Kxc3 Ba5+ 26. Kb2 Bxe1
27. Rxe1 Bf7 28. Bc5 Rg8 29. Re7 Bg6 30. Bd5 Rf8 31. Rb7 1-0

[Event "Godesberger SK 1 - SK Sodingen/Castrop "]
[Site "NRW-Liga - Gruppe 1 2019/2020"]
[Date "2020.02.16"]
[Round "6.1"]
[White "Werrn, Pascal"]
[Black "Seger, Ruediger"]
[Result "1/2-1/2"]
[WhiteElo "2083"]
[BlackElo "2314"]
[PlyCount "126"]
[EventDate "2020.??.??"]
[SourceVersionDate "2020.03.16"]
[WhiteTeam "SK Sodingen/Castrop 1"]
[BlackTeam "Godesberger SK 1"]

1. d4 Nf6 2. Nf3 g6 3. Bg5 Bg7 4. Nbd2 d5 5. Bxf6 Bxf6 6. e4 c6 7. e5 Bg7 8.
Bd3 Bg4 9. h3 Bxf3 10. Nxf3 e6 11. Qe2 Qa5+ 12. c3 Nd7 13. O-O O-O 14. a4 Rae8
15. Nh2 a6 16. b4 Qd8 17. a5 f6 18. f4 fxe5 19. fxe5 Qg5 20. Nf3 Qg3 21. Qf2
Qxf2+ 22. Kxf2 Bh6 23. g3 Kf7 24. Ke2 Ke7 25. Rf2 Rf7 26. Raf1 Ref8 27. h4 Rg7
28. g4 Bf4 29. Ne1 Rgf7 30. g5 Nxe5 31. dxe5 Bxe5 32. Rxf7+ Rxf7 33. Rxf7+ Kxf7
34. Kd2 Bg3 35. Ng2 e5 36. Be2 Ke6 37. Bg4+ Kd6 38. Bc8 Kc7 39. Be6 Kd6 40. Bg8
Ke7 41. Ke3 e4 42. Kd2 Bf2 43. Bxh7 Kf7 44. h5 gxh5 45. Nf4 Bh4 46. Nxh5 Bxg5+
47. Kc2 Ke7 48. Bf5 Kd6 49. Ng7 Bh6 50. Ne6 Be3 51. Bg4 Bf2 52. Nd4 c5 53.
bxc5+ Kxc5 54. Nb3+ Kc6 55. Be6 Kd6 56. Bc8 Kc7 57. Be6 Kd6 58. Bg4 b6 59. Bc8
bxa5 60. Bxa6 a4 61. Nd2 Ke5 62. Bb5 d4 63. cxd4+ Bxd4 1/2-1/2

[Event "Godesberger SK 1 - SK Sodingen/Castrop "]
[Site "NRW-Liga - Gruppe 1 2019/2020"]
[Date "2020.02.16"]
[Round "6.2"]
[White "Koehler, Christian Friedrich"]
[Black "Boehnke, Martin"]
[Result "1/2-1/2"]
[WhiteElo "2219"]
[BlackElo "2139"]
[PlyCount "52"]
[EventDate "2020.??.??"]
[SourceVersionDate "2020.03.16"]
[WhiteTeam "Godesberger SK 1"]
[BlackTeam "SK Sodingen/Castrop 1"]

1. e4 c5 2. f4 d5 3. exd5 Qxd5 4. Nc3 Qd8 5. Nf3 Nc6 6. Bb5 Bd7 7. Qe2 Nf6 8.
b3 Nd4 9. Nxd4 cxd4 10. Ne4 Nxe4 11. Bxd7+ Qxd7 12. Qxe4 O-O-O 13. O-O e6 14.
Bb2 Bb4 15. c3 dxc3 16. Bxc3 Bxc3 17. dxc3 Qd5 18. Qe3 a6 19. Qa7 Rhe8 20. Rae1
f6 21. Qe3 Qf5 22. Qe4 Qxe4 23. Rxe4 Rd2 24. Rf2 Rd1+ 25. Rf1 Rd2 26. Rf2 Rd1+
1/2-1/2

[Event "Godesberger SK 1 - SK Sodingen/Castrop "]
[Site "NRW-Liga - Gruppe 1 2019/2020"]
[Date "2020.02.16"]
[Round "6.3"]
[White "Mueller, Frank"]
[Black "Grabowski, Pawel"]
[Result "0-1"]
[WhiteElo "2012"]
[BlackElo "2264"]
[PlyCount "94"]
[EventDate "2020.??.??"]
[SourceVersionDate "2020.03.16"]
[WhiteTeam "SK Sodingen/Castrop 1"]
[BlackTeam "Godesberger SK 1"]

1. e4 e5 2. Nf3 Nc6 3. Bb5 a6 4. Ba4 Nf6 5. O-O b5 6. Bb3 Be7 7. Re1 d6 8. c3
O-O 9. h3 Bb7 10. d4 Nd7 11. Nbd2 exd4 12. cxd4 Bf6 13. Nf1 Na5 14. Bc2 Re8 15.
Ng3 g6 16. b3 c5 17. Bb2 Rc8 18. Qd2 Nc6 19. Rad1 cxd4 20. Bb1 d3 21. Bxd3 Nde5
22. Be2 Nxf3+ 23. Bxf3 Be5 24. Bg4 Rc7 25. f4 Bxb2 26. Qxb2 Qh4 27. Qf2 h5 28.
Be2 Nb4 29. Rxd6 Nxa2 30. Kh2 Nc1 31. Qb6 Nxe2 32. Rxe2 Ree7 33. Qd4 Kh7 34. f5
gxf5 35. Nxf5 Qf4+ 36. g3 Qxf5 37. Rh6+ Kxh6 38. Qh8+ Qh7 39. Qf6+ Qg6 40. Qh8+
Kg5 41. h4+ Kg4 42. Rf2 Rc2 43. Rxc2 Qxe4 44. Qg7+ Kf5 45. Rf2+ Ke6 46. Qf6+
Kd7 47. Rd2+ Bd5 0-1

[Event "Godesberger SK 1 - SK Sodingen/Castrop "]
[Site "NRW-Liga - Gruppe 1 2019/2020"]
[Date "2020.02.16"]
[Round "6.4"]
[White "Kutzner, Stephen"]
[Black "Rohovoy, Dmitrij"]
[Result "1-0"]
[WhiteElo "2152"]
[BlackElo "1971"]
[PlyCount "55"]
[EventDate "2020.??.??"]
[SourceVersionDate "2020.03.16"]
[WhiteTeam "Godesberger SK 1"]
[BlackTeam "SK Sodingen/Castrop 1"]

1. d4 Nf6 2. c4 e6 3. Nc3 d5 4. Nf3 c6 5. e3 Bd6 6. Bd3 Nbd7 7. O-O O-O 8. b3
e5 9. cxd5 Nxd5 10. Nxd5 cxd5 11. dxe5 Nxe5 12. Nxe5 Bxe5 13. Bxh7+ Kxh7 14.
Qh5+ Kg8 15. Qxe5 Re8 16. Qg3 Re6 17. Rd1 Rg6 18. Qe5 Bh3 19. g3 Qa5 20. Bb2
Rc8 21. Rxd5 Qa6 22. Rad1 Qe2 23. R5d2 Qa6 24. a3 Be6 25. Rd8+ Rxd8 26. Rxd8+
Kh7 27. Qh5+ Rh6 28. Rh8+ 1-0

[Event "Godesberger SK 1 - SK Sodingen/Castrop "]
[Site "NRW-Liga - Gruppe 1 2019/2020"]
[Date "2020.02.16"]
[Round "6.5"]
[White "Becker, Joerg"]
[Black "Schulte-Geers, Niklas"]
[Result "1-0"]
[WhiteElo "2119"]
[BlackElo "2118"]
[PlyCount "71"]
[EventDate "2020.??.??"]
[SourceVersionDate "2020.03.16"]
[WhiteTeam "SK Sodingen/Castrop 1"]
[BlackTeam "Godesberger SK 1"]

1. d4 d5 2. Nf3 Nf6 3. Bg5 c6 4. Nbd2 e6 5. e3 Be7 6. Bd3 O-O 7. Ne5 Nfd7 8.
Bxe7 Qxe7 9. f4 Nxe5 10. fxe5 f6 11. Qh5 g6 12. Qh4 Qg7 13. exf6 Rxf6 14. Nf3
Nd7 15. O-O b6 16. Ne5 Bb7 17. Nxd7 Rxf1+ 18. Rxf1 Qxd7 19. Qg3 Qg7 20. Qg5 Rf8
21. Rf4 Re8 22. Rf6 Rf8 23. Rxf8+ Qxf8 24. h4 Kg7 25. h5 Qf6 26. h6+ Kf7 27.
Qg3 e5 28. dxe5 Qe7 29. Qf4+ Kg8 30. g4 Bc8 31. g5 Be6 32. Qf6 Qd7 33. Ba6 Qf7
34. Qd8+ Qf8 35. Qc7 c5 36. Qxa7 1-0

[Event "Godesberger SK 1 - SK Sodingen/Castrop "]
[Site "NRW-Liga - Gruppe 1 2019/2020"]
[Date "2020.02.16"]
[Round "6.6"]
[White "Stenzel, Thomas"]
[Black "Haberhausen, Ansgar"]
[Result "1-0"]
[WhiteElo "2089"]
[BlackElo "1998"]
[PlyCount "65"]
[EventDate "2020.??.??"]
[SourceVersionDate "2020.03.16"]
[WhiteTeam "Godesberger SK 1"]
[BlackTeam "SK Sodingen/Castrop 1"]

1. e4 c6 2. d4 d5 3. e5 Bf5 4. h4 h5 5. c4 e6 6. Nc3 Nd7 7. Nge2 Ne7 8. Ng3 g6
9. Bg5 Qa5 10. Qd2 dxc4 11. Bxc4 Nb6 12. Bb3 Ned5 13. O-O Be7 14. Bxe7 Nxe7 15.
Qg5 Nbd5 16. Nce4 Bxe4 17. Nxe4 Qc7 18. Nd6+ Kf8 19. Rac1 Rh7 20. Rfd1 Rd8 21.
Rd3 Rd7 22. Rf3 Qd8 23. Bc2 Qb6 24. Bxg6 Rg7 25. Rxf7+ Rxf7 26. Bxf7 Rxd6 27.
exd6 Kxf7 28. dxe7 Qxb2 29. Qxh5+ Kxe7 30. Qh7+ Kd6 31. Qb1 Qxd4 32. Qxb7 c5
33. Qa6+ 1-0

[Event "Godesberger SK 1 - SK Sodingen/Castrop "]
[Site "NRW-Liga - Gruppe 1 2019/2020"]
[Date "2020.02.16"]
[Round "6.7"]
[White "Zwielich, Frank"]
[Black "Wecker, Martin"]
[Result "1/2-1/2"]
[WhiteElo "1938"]
[BlackElo "2115"]
[PlyCount "38"]
[EventDate "2020.??.??"]
[SourceVersionDate "2020.03.16"]
[WhiteTeam "SK Sodingen/Castrop 1"]
[BlackTeam "Godesberger SK 1"]

1. d4 Nf6 2. Nf3 c5 3. d5 b5 4. c4 Bb7 5. Qc2 d6 6. e4 bxc4 7. Bxc4 Nbd7 8. Nc3
g6 9. O-O Bg7 10. h3 O-O 11. Re1 Nb6 12. Bf1 Nfd7 13. Bg5 Rb8 14. Rad1 Qe8 15.
a4 Na8 16. Bf4 Nc7 17. e5 dxe5 18. Nxe5 Nxe5 19. Bxe5 Bxe5 1/2-1/2

[Event "Godesberger SK 1 - SK Sodingen/Castrop "]
[Site "NRW-Liga - Gruppe 1 2019/2020"]
[Date "2020.02.16"]
[Round "6.8"]
[White "Mantau, Jan"]
[Black "Zygan, Michael"]
[Result "1-0"]
[WhiteElo "2144"]
[BlackElo "1709"]
[PlyCount "35"]
[EventDate "2020.??.??"]
[SourceVersionDate "2020.03.16"]
[WhiteTeam "Godesberger SK 1"]
[BlackTeam "SK Sodingen/Castrop 1"]

1. e4 c6 2. d4 d5 3. Nc3 dxe4 4. Nxe4 Nd7 5. Nf3 Ngf6 6. Ng3 e6 7. Bc4 Be7 8.
O-O O-O 9. Qe2 Qc7 10. Nf5 Nb6 11. Nxe7+ Qxe7 12. Bb3 Bd7 13. Bg5 Rac8 14. Ne5
Rfd8 15. Ng4 Be8 16. Nxf6+ gxf6 17. Bh6 f5 18. Qe5 1-0

[Event "SG Porz 2 - SV Erkenschwick 1"]
[Site "NRW-Liga - Gruppe 1 2019/2020"]
[Date "2020.02.16"]
[Round "6.1"]
[White "Erwich, Frank"]
[Black "Suvorov, Luca"]
[Result "1/2-1/2"]
[WhiteElo "2365"]
[BlackElo "2209"]
[PlyCount "77"]
[EventDate "2020.??.??"]
[SourceVersionDate "2020.03.16"]
[WhiteTeam "SV Erkenschwick 1"]
[BlackTeam "SG Porz 2"]

1. e4 e5 2. Nf3 Nc6 3. Bc4 Nf6 4. d3 Be7 5. Nc3 O-O 6. O-O d6 7. a3 Na5 8. Ba2
c5 9. b4 Nc6 10. Rb1 b6 11. Nd5 Be6 12. c3 Rc8 13. Re1 Re8 14. h3 h6 15. Bb2
Bf8 16. d4 exd4 17. cxd4 Nxd4 18. Nxd4 Bxd5 19. exd5 Rxe1+ 20. Qxe1 cxd4 21.
Bxd4 g6 22. Qe2 Bg7 23. Bc4 Qc7 24. Ba6 Re8 25. Qb2 Nh5 26. Bxg7 Nxg7 27. Rc1
Qd7 28. Rc6 Re5 29. Qc3 Kh7 30. Rc7 Qe8 31. Rxa7 Rxd5 32. Kh2 Rf5 33. Qe3 Qd8
34. Bd3 Rf6 35. a4 d5 36. Rb7 Qd6+ 37. Qg3 Qc6 38. Rc7 Qe6 39. Qe3 1/2-1/2

[Event "SG Porz 2 - SV Erkenschwick 1"]
[Site "NRW-Liga - Gruppe 1 2019/2020"]
[Date "2020.02.16"]
[Round "6.2"]
[White "Fieberg, Samuel"]
[Black "Van Beek, Alexander"]
[Result "0-1"]
[WhiteElo "2157"]
[BlackElo "2255"]
[Annotator "Daniel"]
[PlyCount "74"]
[EventDate "2020.??.??"]
[SourceVersionDate "2020.03.16"]
[WhiteTeam "SG Porz 2"]
[BlackTeam "SV Erkenschwick 1"]

1. e4 e5 2. Nf3 Nc6 3. Bc4 Bc5 4. c3 Nf6 5. d3 O-O 6. O-O d5 7. exd5 Nxd5 8. b4
Be7 9. b5 Na5 10. Bxd5 Qxd5 11. c4 Qd7 12. Bd2 e4 13. Bxa5 exf3 14. Qxf3 a6 15.
a4 axb5 16. axb5 Rd8 17. Nd2 Qxd3 18. Bxc7 Rxa1 19. Rxa1 Qxd2 20. Bxd8 Qxd8 21.
Qd5 Qf8 $11 22. Ra8 g6 23. g3 h5 24. h4 Bc5 25. Qe5 Bd6 26. Qd4 Bc5 27. Qf4 Qe8
28. Kh2 Qd7 29. Qb8 Qh3+ 30. Kg1 Kh7 31. Qc7 Qf5 32. Qf4 Qxf4 33. gxf4 Be6 34.
Rb8 b6 35. Kg2 Bxc4 36. Kg3 Bxb5 37. Rb7 Bc4 0-1

[Event "SG Porz 2 - SV Erkenschwick 1"]
[Site "NRW-Liga - Gruppe 1 2019/2020"]
[Date "2020.02.16"]
[Round "6.3"]
[White "Langers, Alexander"]
[Black "Wagenknecht, Uwe"]
[Result "1/2-1/2"]
[WhiteElo "2217"]
[BlackElo "2149"]
[PlyCount "42"]
[EventDate "2020.??.??"]
[SourceVersionDate "2020.03.16"]
[WhiteTeam "SV Erkenschwick 1"]
[BlackTeam "SG Porz 2"]

1. e4 c5 2. Nf3 d6 3. Bb5+ Bd7 4. Bxd7+ Qxd7 5. O-O Nc6 6. c3 Nf6 7. Re1 e6 8.
Na3 Be7 9. d3 O-O 10. Bg5 Qd8 11. Qe2 Nd7 12. Bf4 Nde5 13. Rad1 Ng6 14. Bg3 d5
15. e5 Rb8 16. c4 Re8 17. Nb5 d4 18. Qe4 a6 19. Na3 Nb4 20. Ra1 Qd7 21. Qe2 Qd8
1/2-1/2

[Event "SG Porz 2 - SV Erkenschwick 1"]
[Site "NRW-Liga - Gruppe 1 2019/2020"]
[Date "2020.02.16"]
[Round "6.4"]
[White "Liard, Thibaud"]
[Black "Krings, Christoph"]
[Result "1/2-1/2"]
[WhiteElo "2142"]
[BlackElo "2133"]
[PlyCount "85"]
[EventDate "2020.??.??"]
[SourceVersionDate "2020.03.16"]
[WhiteTeam "SG Porz 2"]
[BlackTeam "SV Erkenschwick 1"]

1. Nf3 e6 2. d4 f5 3. c4 d6 4. Nc3 Nf6 5. e3 Be7 6. Be2 O-O 7. O-O c6 8. b4 d5
9. b5 Ne4 10. Qb3 Nxc3 11. Qxc3 Bd7 12. Ba3 Be8 13. Bxe7 Qxe7 14. bxc6 Bxc6 15.
Rfc1 Nd7 16. Rab1 a6 17. h3 g5 18. cxd5 exd5 19. Ne5 Nxe5 20. dxe5 f4 21. Bg4
Rae8 22. e6 Qd6 23. Qd4 h5 24. Bxh5 Rxe6 25. Re1 Re4 26. Qd2 Qf6 27. Bf3 fxe3
28. fxe3 Re5 29. Rf1 Rf5 30. Be2 Qe5 31. Rxf5 Rxf5 32. Rf1 Rxf1+ 33. Bxf1 Qa1
34. Qd3 Qf6 35. a4 a5 36. Qd2 Qe5 37. Qd3 Kg7 38. Qa3 d4 39. exd4 Qxd4+ 40. Kh2
Qf4+ 41. Kg1 Qd4+ 42. Kh1 Qe5 43. Kg1 1/2-1/2

[Event "SG Porz 2 - SV Erkenschwick 1"]
[Site "NRW-Liga - Gruppe 1 2019/2020"]
[Date "2020.02.16"]
[Round "6.5"]
[White "Homs, Guust"]
[Black "Wegener, Marcus"]
[Result "1/2-1/2"]
[WhiteElo "2148"]
[BlackElo "1943"]
[PlyCount "49"]
[EventDate "2020.??.??"]
[SourceVersionDate "2020.03.16"]
[WhiteTeam "SV Erkenschwick 1"]
[BlackTeam "SG Porz 2"]

1. e4 c5 2. c3 e5 3. Nf3 Nc6 4. Bc4 Qc7 5. O-O Nf6 6. d3 Be7 7. a4 O-O 8. Bg5
d6 9. Re1 Be6 10. Nbd2 a6 11. Bxe6 fxe6 12. Qb3 Qd7 13. Nc4 Bd8 14. Nb6 Bxb6
15. Qxb6 Rac8 16. Rad1 Rfe8 17. d4 cxd4 18. cxd4 Qc7 19. Qb3 Na5 20. Qd3 Nd7
21. Be3 exd4 22. Qxd4 Nc5 23. Qxd6 Qxd6 24. Rxd6 Nc4 25. Bxc5 1/2-1/2

[Event "SG Porz 2 - SV Erkenschwick 1"]
[Site "NRW-Liga - Gruppe 1 2019/2020"]
[Date "2020.02.16"]
[Round "6.6"]
[White "Seemann, Mathis"]
[Black "Strozewski, Frank"]
[Result "1-0"]
[WhiteElo "1869"]
[BlackElo "2009"]
[PlyCount "145"]
[EventDate "2020.??.??"]
[SourceVersionDate "2020.03.16"]
[WhiteTeam "SG Porz 2"]
[BlackTeam "SV Erkenschwick 1"]

1. d4 d6 2. Nf3 g6 3. Bf4 Bg7 4. Nbd2 Nc6 5. c3 a5 6. a4 e6 7. e4 Nge7 8. Bb5
O-O 9. O-O h6 10. e5 g5 11. Bg3 Nf5 12. exd6 cxd6 13. Nc4 Na7 14. Qb3 Nxb5 15.
Qxb5 Ra6 16. Rfe1 Qc7 17. Ne3 Nxg3 18. hxg3 Bd7 19. Qd3 Rc8 20. Re2 Rb6 21. Ra3
Bf8 22. d5 e5 23. Nh2 h5 24. Nf3 Qd8 25. Nc4 Ra6 26. Rb3 f5 27. Nfd2 Qc7 28.
Qe3 Bh6 29. Nb6 Rf8 30. Nxd7 Qxd7 31. Rb5 Qc7 32. Qd3 e4 33. Qe3 Rf7 34. f3
exf3 35. gxf3 Ra8 36. Qe6 Kg7 37. Nb3 Qc4 38. Nd4 Raf8 39. Qxd6 Kh7 40. Rb6 Bg7
41. Qg6+ Kg8 42. Qxg5 Qxd5 43. Kg2 Qd7 44. Rh6 Rf6 45. Rxh5 R8f7 46. Qf4 Qxa4
47. Re1 Qd7 48. Reh1 Rg6 49. Rxf5 Re7 50. Rhh5 Qe8 51. Rhg5 Rb6 52. b3 a4 53.
bxa4 Kh7 54. Rb5 Rf6 55. Rgf5 Rh6 56. g4 Re2+ 57. Kg3 Reh2 58. Qe4 R6h3+ 59.
Kf4 Bh6+ 60. Rg5+ Qxe4+ 61. Kxe4 Bxg5 62. Rxg5 Ra2 63. Rb5 Rxa4 64. Rxb7+ Kg6
65. Rc7 Rh8 66. f4 Rh4 67. Rc6+ Kf7 68. g5 Rg4 69. Kf5 Rg2 70. Rc7+ Ke8 71. Kf6
Ra6+ 72. Ne6 Rf2 73. Re7# 1-0

[Event "SG Porz 2 - SV Erkenschwick 1"]
[Site "NRW-Liga - Gruppe 1 2019/2020"]
[Date "2020.02.16"]
[Round "6.7"]
[White "Eggenstein, Frank"]
[Black "Traeger, Leonard"]
[Result "1/2-1/2"]
[WhiteElo "1961"]
[BlackElo "1640"]
[PlyCount "42"]
[EventDate "2020.??.??"]
[SourceVersionDate "2020.03.16"]
[WhiteTeam "SV Erkenschwick 1"]
[BlackTeam "SG Porz 2"]

1. e4 e5 2. Nf3 Nc6 3. d4 exd4 4. Bc4 d6 5. Nxd4 Qh4 6. O-O Be7 7. Nc3 Nf6 8.
f3 Nxd4 9. Qxd4 Be6 10. Bxe6 fxe6 11. Qa4+ c6 12. Qb3 d5 13. g3 Qh3 14. Be3 O-O
15. Qxb7 Bd6 16. Rf2 Ng4 17. fxg4 Bxg3 18. hxg3 Qxg3+ 19. Rg2 Qxe3+ 20. Kh1
Qh3+ 21. Kg1 Qe3+ 1/2-1/2

[Event "SG Porz 2 - SV Erkenschwick 1"]
[Site "NRW-Liga - Gruppe 1 2019/2020"]
[Date "2020.02.16"]
[Round "6.8"]
[White "Barsegian, Narek"]
[Black "Jungbluth, Rolf"]
[Result "1/2-1/2"]
[WhiteElo "1617"]
[BlackElo "1983"]
[Annotator "Daniel"]
[PlyCount "88"]
[EventDate "2020.??.??"]
[SourceVersionDate "2020.03.16"]
[WhiteTeam "SG Porz 2"]
[BlackTeam "SV Erkenschwick 1"]

1. d4 d5 2. f4 c6 3. e3 Nf6 4. Nf3 g6 5. c3 Nbd7 6. Be2 Ne4 7. O-O Bg7 8. Nbd2
Ndf6 9. Ne5 e6 10. Ng4 $11 Qb6 11. Nxf6+ Nxf6 12. Qb3 O-O 13. Qxb6 axb6 14. Nf3
Ne4 15. Nd2 Nd6 16. Nf3 f6 17. Bd3 Re8 18. Re1 Bd7 19. e4 dxe4 20. Bxe4 c5 21.
dxc5 bxc5 22. Bc2 Bc6 23. Nd2 Bd5 24. Ne4 Nxe4 25. Bxe4 Bxe4 26. Rxe4 b5 27.
Bd2 Kf7 28. a3 Ra6 29. Rae1 Rd8 30. Bc1 e5 31. fxe5 fxe5 32. Rf1+ Rf6 33. Rfe1
Rfd6 34. Bg5 R8d7 35. c4 bxc4 36. Rxc4 Rd5 37. Be3 Rb7 38. Rxc5 Rxc5 39. Bxc5
Rxb2 40. Bb4 Ke6 41. Kf1 Kd5 42. Re2 Rb1+ 43. Re1 Rb2 44. Re2 Rb1+ 1/2-1/2

[Event "Krefelder SK Turm 1 - Herforder SV Kön"]
[Site "NRW-Liga - Gruppe 1 2019/2020"]
[Date "2020.02.16"]
[Round "6.2"]
[White "Kern, Guido"]
[Black "Bentel, Robin"]
[Result "0-1"]
[WhiteElo "2265"]
[BlackElo "2112"]
[PlyCount "110"]
[EventDate "2020.??.??"]
[SourceVersionDate "2020.03.16"]
[WhiteTeam "Krefelder SK Turm 1"]
[BlackTeam "Herforder SV Königsspringer 1"]

1. Nf3 d5 2. g3 c6 3. Bg2 Bg4 4. d4 Nd7 5. Nbd2 e6 6. O-O Bd6 7. e4 Ne7 8. c3
O-O 9. Re1 Rc8 10. Qb3 Qb6 11. c4 dxc4 12. Nxc4 Qxb3 13. axb3 Bb8 14. b4 a6 15.
Na5 Bd6 16. Nxb7 Bxb4 17. Bd2 Bxd2 18. Nxd2 Rb8 19. Nd6 Rb4 20. N6c4 Nb6 21.
Nxb6 Rxb6 22. Nc4 Rb4 23. Ne5 Bh5 24. g4 f6 25. Nd7 Rd8 26. Nc5 Bf7 27. Nxa6
Rbxd4 28. Rac1 e5 29. Nc5 Rd2 30. b3 Ng6 31. Bf1 Nf4 32. h4 h5 33. g5 fxg5 34.
hxg5 R8d6 35. Rc3 h4 36. Rec1 Rg6 37. R3c2 Rxg5+ 38. Kh1 Rd6 39. Rc3 Rd2 40.
R3c2 Rd6 41. Rc3 Bh5 42. Bc4+ Kh7 43. Rg1 Rxg1+ 44. Kxg1 Rd1+ 45. Kh2 Rd2 46.
Kg1 Bg4 47. f3 Bh5 48. Ne6 Rg2+ 49. Kh1 Rg3 50. Nxf4 exf4 51. Be2 g5 52. b4 g4
53. Rc5 Bg6 54. Rxc6 gxf3 55. Rc7+ Kh6 0-1

[Event "Krefelder SK Turm 1 - Herforder SV Kön"]
[Site "NRW-Liga - Gruppe 1 2019/2020"]
[Date "2020.02.16"]
[Round "6.3"]
[White "Beilfuß, Wilfried"]
[Black "Kistella, Roman"]
[Result "1-0"]
[WhiteElo "2156"]
[BlackElo "2203"]
[PlyCount "73"]
[EventDate "2020.??.??"]
[SourceVersionDate "2020.03.16"]
[WhiteTeam "Herforder SV Königsspringer 1"]
[BlackTeam "Krefelder SK Turm 1"]

1. g3 d5 2. Nf3 Nf6 3. Bg2 e6 4. O-O Be7 5. d4 O-O 6. c4 c6 7. b3 Nbd7 8. Bb2
b6 9. Nc3 Bb7 10. Qd3 c5 11. cxd5 Nxd5 12. Nxd5 Bxd5 13. e4 Bb7 14. Rfd1 cxd4
15. Nxd4 Nf6 16. Qe2 Qb8 17. Rac1 Rc8 18. Rxc8+ Qxc8 19. Rc1 Qd7 20. Nb5 Ba6
21. a4 Rd8 22. e5 Ne8 23. Bc6 Bxb5 24. axb5 Qd2 25. Qxd2 Rxd2 26. Bc3 Rd8 27.
Ra1 Kf8 28. Rxa7 Bc5 29. b4 Be7 30. Rb7 Rd3 31. Rxb6 Rxc3 32. Rb8 f5 33. Bxe8
Bxb4 34. b6 Rc1+ 35. Kg2 Rb1 36. b7 Bc3 37. Bb5+ 1-0

[Event "Krefelder SK Turm 1 - Herforder SV Kön"]
[Site "NRW-Liga - Gruppe 1 2019/2020"]
[Date "2020.02.16"]
[Round "6.4"]
[White "Van Gool, Rudi"]
[Black "Loemker, Michael"]
[Result "1/2-1/2"]
[WhiteElo "2229"]
[BlackElo "2055"]
[Annotator "Daniel"]
[PlyCount "96"]
[EventDate "2020.??.??"]
[SourceVersionDate "2020.03.16"]
[WhiteTeam "Krefelder SK Turm 1"]
[BlackTeam "Herforder SV Königsspringer 1"]

1. d4 g6 2. e4 Bg7 3. Nf3 d6 4. c3 Nf6 5. Nbd2 O-O 6. Bd3 c5 7. O-O cxd4 8.
cxd4 Nc6 9. a3 e5 10. d5 Ne7 11. Nc4 b5 12. Ne3 Bd7 13. a4 a6 14. Bd2 Qb8 15.
a5 Rc8 16. Bb4 Ne8 17. Ne1 Nf6 18. N3c2 Rf8 19. Bd2 Nh5 20. Nb4 Nf4 21. Be3 f5
22. f3 g5 23. Qd2 h6 24. Bb6 Qb7 25. Nec2 Nxd3 26. Qxd3 Rac8 27. Rfc1 h5 28.
Ne1 Bh6 29. Qd2 Kh7 30. Be3 Kg6 31. Ned3 Ng8 32. Rxc8 Rxc8 33. Rc1 fxe4 34.
fxe4 Nf6 35. Nf2 h4 $11 36. Rxc8 Qxc8 37. Qc1 Qxc1+ 38. Bxc1 Bc8 39. Nbd3 g4
40. Bxh6 Kxh6 41. g3 Kh5 42. Kf1 Nh7 43. Ke2 Ng5 44. Ne1 Bd7 45. Ke3 Nh7 46.
Nfd3 h3 47. Nb4 Bc8 48. Nc6 Ng5 1/2-1/2

[Event "Krefelder SK Turm 1 - Herforder SV Kön"]
[Site "NRW-Liga - Gruppe 1 2019/2020"]
[Date "2020.02.16"]
[Round "6.5"]
[White "Hanisch, Bernd"]
[Black "Neuer, Thomas"]
[Result "1/2-1/2"]
[WhiteElo "2018"]
[BlackElo "2095"]
[PlyCount "46"]
[EventDate "2020.??.??"]
[SourceVersionDate "2020.03.16"]
[WhiteTeam "Herforder SV Königsspringer 1"]
[BlackTeam "Krefelder SK Turm 1"]

1. c4 c5 2. Nf3 g6 3. d4 cxd4 4. Nxd4 Nc6 5. e4 Nf6 6. Nc3 Nxd4 7. Qxd4 d6 8.
Bg5 Bg7 9. Be2 O-O 10. Qd2 Be6 11. O-O a5 12. Rac1 a4 13. f3 Qa5 14. Nd5 Bxd5
15. cxd5 Qxd2 16. Bxd2 Nd7 17. Rc2 Bd4+ 18. Kh1 Rfc8 19. Rxc8+ Rxc8 20. Rc1 Nc5
21. Rc2 Ra8 22. Bb4 Kf8 23. Bb5 b6 1/2-1/2

[Event "Krefelder SK Turm 1 - Herforder SV Kön"]
[Site "NRW-Liga - Gruppe 1 2019/2020"]
[Date "2020.02.16"]
[Round "6.6"]
[White "Dorner, Matthias"]
[Black "Quelle, Helmut"]
[Result "1-0"]
[WhiteElo "2108"]
[BlackElo "2039"]
[PlyCount "77"]
[EventDate "2020.??.??"]
[SourceVersionDate "2020.03.16"]
[WhiteTeam "Krefelder SK Turm 1"]
[BlackTeam "Herforder SV Königsspringer 1"]

1. d4 Nf6 2. c3 g6 3. Bf4 Bg7 4. e3 O-O 5. Nf3 d6 6. h3 Nbd7 7. Nbd2 Qe8 8. Nc4
b6 9. Be2 Bb7 10. O-O Ne4 11. Nfd2 Nxd2 12. Nxd2 e5 13. Bh2 Qe7 14. Re1 Rad8
15. Qa4 a6 16. Qc4 c5 17. Bf3 b5 18. Qb3 Bxf3 19. Nxf3 Nb6 20. Rad1 Nc4 21. a4
Na5 22. Qd5 Nc4 23. axb5 axb5 24. b3 Nb6 25. Qc6 Rb8 26. Qxb5 e4 27. Nd2 Nd5
28. Qc4 Qe6 29. dxc5 Nxc3 30. Rc1 d5 31. Qf1 Be5 32. Bxe5 Qxe5 33. Qa6 Ra8 34.
Qd6 Qxd6 35. cxd6 Ra2 36. Rxc3 Rxd2 37. d7 Ra2 38. Rc8 Ra8 39. Rxa8 1-0

[Event "Krefelder SK Turm 1 - Herforder SV Kön"]
[Site "NRW-Liga - Gruppe 1 2019/2020"]
[Date "2020.02.16"]
[Round "6.7"]
[White "Hiller, Stefan"]
[Black "Fehmer, Carsten"]
[Result "0-1"]
[WhiteElo "1914"]
[BlackElo "2057"]
[PlyCount "84"]
[EventDate "2020.??.??"]
[SourceVersionDate "2020.03.16"]
[WhiteTeam "Herforder SV Königsspringer 1"]
[BlackTeam "Krefelder SK Turm 1"]

1. e4 e6 2. d3 d5 3. Nd2 c5 4. Ngf3 Nc6 5. g3 Nf6 6. Bg2 g6 7. O-O Bg7 8. exd5
Nxd5 9. Nb3 b6 10. c4 Nc7 11. Be3 e5 12. Ng5 Bd7 13. Ne4 O-O 14. Qd2 Ne6 15.
Rad1 f5 16. Ng5 Nxg5 17. Bxg5 Qc7 18. Bd5+ Kh8 19. Bh6 Rae8 20. Bxg7+ Kxg7 21.
f4 Nb4 22. Bg2 Bc6 23. a3 Bxg2 24. Qxg2 Nc6 25. fxe5 Nxe5 26. h3 Qd6 27. d4
Nxc4 28. dxc5 Qe5 29. Qf2 bxc5 30. Rfe1 Qxb2 31. Qxb2+ Nxb2 32. Rxe8 Rxe8 33.
Rd7+ Kf6 34. Nxc5 Re3 35. Rxa7 Rxg3+ 36. Kh2 Rc3 37. Nd7+ Kg5 38. Nf8 Rc2+ 39.
Kh1 Kf4 40. Kg1 Kg3 41. Kf1 f4 42. Ne6 f3 0-1

[Event "Krefelder SK Turm 1 - Herforder SV Kön"]
[Site "NRW-Liga - Gruppe 1 2019/2020"]
[Date "2020.02.16"]
[Round "6.8"]
[White "van Gool, Henk"]
[Black "Heuermann, Heinz-Burkhard"]
[Result "1-0"]
[WhiteElo "2127"]
[BlackElo "1795"]
[PlyCount "93"]
[EventDate "2020.??.??"]
[SourceVersionDate "2020.03.16"]
[WhiteTeam "Krefelder SK Turm 1"]
[BlackTeam "Herforder SV Königsspringer 1"]

1. c4 c5 2. Nf3 g6 3. e4 Bg7 4. d4 cxd4 5. Nxd4 Nc6 6. Be3 d6 7. Nc3 Nf6 8. Be2
Bd7 9. O-O O-O 10. Qd2 Rc8 11. f3 a6 12. Rac1 Qa5 13. Rfd1 Nxd4 14. Bxd4 b5 15.
Nd5 Qd8 16. Nxf6+ exf6 17. Be3 Be6 18. cxb5 Rxc1 19. Rxc1 axb5 20. b3 Qd7 21.
Qb4 Rc8 22. Rxc8+ Qxc8 23. Qxb5 g5 24. Bc4 Bd7 25. Qa6 Qf8 26. Qb7 Qe8 27. a4
f5 28. Bb5 Bxb5 29. Qxb5 Qe6 30. Qd5 Qf6 31. e5 Qd8 32. exd6 Qe8 33. Qd3 Bf6
34. d7 Qd8 35. Qxf5 Kg7 36. g3 h6 37. Kg2 Qe7 38. Qd3 Qd8 39. b4 g4 40. a5
gxf3+ 41. Kf2 Qf8 42. Bc5 Qb8 43. Bd4 Qd8 44. Bb6 Qf8 45. d8=Q Bxd8 46. Qxd8
Qxb4 47. Qd4+ 1-0